[Event "AUTO-OPEN-1555"]
[Site "http://www.queenalice.com/game.php?id=589076"]
[Date "2009.5.16"]
[Round "1"]
[White "ivdsantacruz"]
[Black "cleverton2905"]
[Result "1-0"]
[WhiteElo "1870"]
[BlackElo "989"]

1. e4 c5 2. Nc3 Nc6 3. Nf3 e6 4. Bb5 Qc7 5. d3 Nf6 6. O-O Be7 7. Re1 O-O 8. a3
a6 9. Bxc6 bxc6 10. h3 Bb7 11. e5 Nd5 12. Nxd5 cxd5 13. Bf4 d6 14. exd6 Bxd6 15.
Bxd6 Qxd6 16. d4 c4 17. c3 f6 18. Re3 1-0

[Event "AUTO-OPEN-1555"]
[Site "http://www.queenalice.com/game.php?id=589077"]
[Date "2009.5.16"]
[Round "1"]
[White "cleverton2905"]
[Black "ivdsantacruz"]
[Result "0-1"]
[WhiteElo "989"]
[BlackElo "1868"]

1. d4 d5 2. c4 dxc4 3. Nc3 Bd7 4. a4 e6 5. e4 Bb4 6. Bxc4 a5 7. Nf3 Nf6 8. Qc2
Bc6 9. Bd3 g6 10. Bg5 h6 11. Bh4 g5 12. Bg3 g4 13. Ne5 Qxd4 14. Nxc6 Nxc6 15.
Bxc7 e5 16. O-O Rc8 17. Nb5 Qd7 18. Bb6 Nd4 0-1

[Event "AUTO-OPEN-1555"]
[Site "http://www.queenalice.com/game.php?id=589102"]
[Date "2009.5.16"]
[Round "1"]
[White "DORLISS"]
[Black "cleverton2905"]
[Result "1-0"]
[WhiteElo "1882"]
[BlackElo "1020"]

1. e4 c5 2. Nf3 Nc6 3. Nc3 b6 4. d4 d6 5. Bc4 e6 6. d5 Na5 7. Bd3 Nf6 8. O-O Be7
9. Bg5 O-O 10. Re1 e5 11. Nh4 h6 12. Bxh6 gxh6 13. Qd2 Kg7 14. Nf5+ Bxf5 15.
exf5 1-0

[Event "AUTO-OPEN-1555"]
[Site "http://www.queenalice.com/game.php?id=589103"]
[Date "2009.5.16"]
[Round "1"]
[White "cleverton2905"]
[Black "DORLISS"]
[Result "0-1"]
[WhiteElo "1020"]
[BlackElo "1884"]

1. d4 d5 2. c4 Bf5 3. e3 e6 4. Nf3 Nf6 5. Be2 Be7 6. O-O O-O 7. Nc3 Nc6 8. a3
Bd6 9. b4 Re8 10. Bb2 Bf8 11. Rc1 Ne4 12. cxd5 exd5 13. Nd2 Nxd2 14. Qxd2 Qg5
0-1

[Event "AUTO-OPEN-1556"]
[Site "http://www.queenalice.com/game.php?id=589497"]
[Date "2009.5.17"]
[Round "1"]
[White "cleverton2905"]
[Black "Jomaley"]
[Result "0-1"]
[WhiteElo "989"]
[BlackElo "1517"]

1. d4 d5 2. c4 dxc4 3. Nc3 c6 4. a4 a5 5. e4 Be6 6. Nf3 f6 7. d5 cxd5 8. exd5
Bg4 9. Bxc4 g5 10. O-O Nh6 0-1

[Event "AUTO-OPEN-1556"]
[Site "http://www.queenalice.com/game.php?id=589499"]
[Date "2009.5.17"]
[Round "1"]
[White "cleverton2905"]
[Black "Krooll"]
[Result "0-1"]
[WhiteElo "1020"]
[BlackElo "1785"]

1. e4 e6 2. d4 d5 3. exd5 exd5 4. Bd3 Bd6 5. Nf3 Nf6 6. O-O O-O 7. Nc3 c6 8. Bg5
Bg4 9. h3 Bh5 10. Re1 Nbd7 11. Be2 Qc7 12. Nd2 Bxe2 13. Rxe2 Rfe8 14. Rxe8+ Rxe8
15. Qf1 Bf4 16. Bxf4 Qxf4 17. Nf3 Qf5 18. Rc1 Ne4 19. Qd3 Ndf6 20. Re1 Qf4 21.
Re2 Kf8 22. Nd2 Nxd2 23. Qxd2 Qxd2 24. Rxd2 Ne4 25. Nxe4 Rxe4 26. Kf1 Ke7 27.
Re2 Kd6 28. Rxe4 dxe4 29. c4 a5 30. Ke2 b5 31. b3 c5 0-1

[Event "AUTO-OPEN-1557"]
[Site "http://www.queenalice.com/game.php?id=589709"]
[Date "2009.5.17"]
[Round "1"]
[White "cleverton2905"]
[Black "RodicH"]
[Result "0-1"]
[WhiteElo "1100"]
[BlackElo "1378"]

1. d4 e6 2. c4 d5 3. e3 Nf6 4. Nf3 Bb4+ 5. Nc3 Bxc3+ 6. bxc3 O-O 7. Be2 Ne4 8.
Qb3 Nc6 9. Ba3 Re8 10. cxd5 exd5 11. Bb5 Na5 12. Qc2 c6 13. Bd3 Qf6 14. O-O Nc4
15. Bc1 Qg6 16. Nh4 Qg5 17. g3 Ncd6 18. Ba3 Bh3 19. Rfe1 Nxf2 0-1

[Event "AUTO-OPEN-1557"]
[Site "http://www.queenalice.com/game.php?id=589710"]
[Date "2009.5.17"]
[Round "1"]
[White "RodicH"]
[Black "cleverton2905"]
[Result "1-0"]
[WhiteElo "1383"]
[BlackElo "1039"]

1. e4 c5 2. Nc3 e6 3. Nf3 Nc6 4. d4 b6 5. a3 Bb7 6. dxc5 bxc5 7. Ng5 Be7 8. Qf3
Bxg5 9. Bf4 Bxf4 10. Qxf4 Nf6 11. Qg5 O-O 12. Bd3 h6 13. Qh4 Ne5 14. O-O Nfg4
15. Qxd8 Rfxd8 16. f4 Nxd3 17. cxd3 d5 18. f5 dxe4 19. dxe4 1-0